Linux directories under root (/) - Statistics

General Stats
  • This quiz has been taken 52 times
  • The average score is 11 of 19
Answer Stats
Answer % Correct
/bin
90%
/home
90%
/usr
90%
/etc
78%
/var
73%
/dev
63%
/lib
61%
/root
61%
/mnt
59%
/boot
56%
/opt
56%
/sys
56%
/tmp
56%
/sbin
49%
/proc
46%
/media
39%
/lib64
37%
/srv
34%
/run
29%
No matching quizzes found
Score Distribution
Percent of People with Each Score
Percentile by Number Answered
Your Score History
You have not taken this quiz